[Event "HUN-chT2 Toth 1819"]
[White "Varga, Gabor"]
[Black "Jakso, Abel"]
[Site "Hungary"]
[Round "6.11"]
[Result "1-0"]
[Date "2019.01.27"]
[WhiteElo "1698"]
[BlackElo "1548"]
[PlyCount "111"]
[EventDate "2018.09.23"]
[EventType "team-tourn"]
[EventRounds "11"]
[EventCountry "HUN"]
[SourceTitle "EXT 2021"]
[Source "ChessBase"]
[SourceDate "2020.10.23"]
[SourceVersion "1"]
[SourceVersionDate "2020.10.23"]
[SourceQuality "1"]
[WhiteTeam "Szeged Meritum"]
[BlackTeam "Mako Duocor II"]
[WhiteTeamCountry "HUN"]
[BlackTeamCountry "HUN"]

1. e4 g6 2. d4 Bg7 3. c3 d6 4. Bd3 Nf6 5. Ne2 0-0 6. 0-0 Nbd7 7. h3 c5 8. Be3 cxd4 9. cxd4 Nb6 10. f4 Bd7 11. Nbc3 Rc8 12. b3 a6 13. Qd2 d5 14. e5 Ne4 15. Nxe4 dxe4 16. Bxe4 Bc6 17. Bxc6 Rxc6 18. Rac1 Rxc1 19. Rxc1 Qd7 20. Bf2 Bh6 21. Rd1 Nd5 22. Bg3 Rc8 23. Rc1 Rd8 24. Kh2 Qf5 25. Qc2 Qd7 26. Qe4 Nb4 27. a3 Nd5 28. Bf2 Qe6 29. g3 Qd7 30. Rc2 Qb5 31. b4 e6 32. g4 Qd7 33. g5 Bf8 34. Nc3 Ne7 35. Nd1 Nd5 36. Ne3 Nb6 37. Ng4 Be7 38. h4 Rc8 39. Re2 Rc3 40. Nf6+ Bxf6 41. gxf6 Nd5 42. Be1 Rc4 43. h5 Nc3 44. Bxc3 Rxc3 45. Rc2 Qc7 46. Rxc3 Qxc3 47. Qxb7 Qd2+ 48. Kg3 Qe1+ 49. Kh2 Qf2+ 50. Kh3 Qf1+ 51. Qg2 Qd3+ 52. Kh2 h6 53. hxg6 fxg6 54. Qa8+ Kf7 55. Qb7+ Ke8 56. Qe7# 1-0

[Event "HUN-chT2 Toth 1819"]
[White "Jakso, Abel"]
[Black "Ferenczi, Bela Istvan"]
[Site "Hungary"]
[Round "1.5"]
[Result "0-1"]
[Date "2018.09.23"]
[WhiteElo "1548"]
[BlackElo "1780"]
[PlyCount "128"]
[EventDate "2018.09.23"]
[EventType "team-tourn"]
[EventRounds "11"]
[EventCountry "HUN"]
[SourceTitle "EXT 2021"]
[Source "ChessBase"]
[SourceDate "2020.10.23"]
[SourceVersion "1"]
[SourceVersionDate "2020.10.23"]
[SourceQuality "1"]
[WhiteTeam "Mako Duocor II"]
[BlackTeam "Kecskemet Toth Laszlo II"]
[WhiteTeamCountry "HUN"]
[BlackTeamCountry "HUN"]

1. d4 d5 2. Nf3 Bf5 3. Bf4 e6 4. e3 Nf6 5. h3 Bd6 6. Bxd6 Qxd6 7. Bd3 Bxd3 8. Qxd3 Nbd7 9. 0-0 0-0 10. c4 c6 11. Nbd2 Rfe8 12. Rac1 Rad8 13. Qb3 Qb8 14. Rc2 e5 15. cxd5 Nxd5 16. Nxe5 Nxe5 17. dxe5 Rxe5 18. Nf3 Ree8 19. Rd1 Nf6 20. Nd4 Ne4 21. Rdc1 Rd7 22. Rc4 Nd2 23. Qd1 Nxc4 24. Rxc4 Qe5 25. Qg4 Rd5 26. Rc1 Red8 27. g3 c5 28. Nf3 Qxb2 29. Rf1 Qb4 30. e4 f5 31. Qh4 Qxe4 32. Qh5 g6 33. Qg5 Qxf3 34. Qh4 Rd1 35. Kh2 Qe2 36. Rg1 Rxg1 37. Qxd8+ Kf7 38. Kxg1 Qe7 39. Qd5+ Kf6 40. Qf3 Qe4 41. Qc3+ Qd4 42. Qb3 b6 43. Qg8 Qd1+ 44. Kg2 Qd7 45. Qh8+ Ke6 46. Qg8+ Kd6 47. Qb8+ Kd5 48. Qg8+ Kc6 49. Qa8+ Qb7 50. Qe8+ Kd6+ 51. Kg1 Qe7 52. Qb8+ Kc6 53. Qa8+ Kb5 54. Qf3 Qe1+ 55. Kh2 Qe4 56. Qb3+ Kc6 57. Qg8 c4 58. Qxh7 c3 59. Qxg6+ Kb5 60. Qf7 c2 61. Qd7+ Kb4 62. Qd6+ Kc3 63. Qa3+ Kd2 64. Qd6+ Ke1 0-1

[Event "HUN-chT2 Toth 1718"]
[White "Jakso, Abel"]
[Black "Kovacs, Lilla"]
[Site "Hungary"]
[Round "10.11"]
[Result "1/2-1/2"]
[Date "2018.03.25"]
[WhiteElo "1589"]
[BlackElo "1660"]
[PlyCount "44"]
[EventDate "2017.09.24"]
[EventType "team-tourn"]
[EventRounds "11"]
[EventCountry "HUN"]
[SourceTitle "EXT 2021"]
[Source "ChessBase"]
[SourceDate "2020.10.23"]
[SourceVersion "1"]
[SourceVersionDate "2020.10.23"]
[SourceQuality "1"]
[WhiteTeam "Mako Duocor II"]
[BlackTeam "Ujszasz"]
[WhiteTeamCountry "HUN"]
[BlackTeamCountry "HUN"]

1. d4 d5 2. Nf3 Nf6 3. Bf4 Bf5 4. e3 e6 5. Nbd2 Bd6 6. Bxd6 Qxd6 7. c3 Nbd7 8. Be2 0-0 9. 0-0 Ne4 10. Nxe4 Bxe4 11. Bd3 f5 12. Qe2 Rf6 13. Nd2 Rh6 14. g3 c6 15. f3 Bxd3 16. Qxd3 Rf8 17. e4 f4 18. g4 Qe7 19. Rae1 Qh4 20. Re2 Rg6 21. Rff2 Qg5 22. Rg2 Qh4 1/2-1/2

[Event "HUN-chT2 Toth 1718"]
[White "Magold, Filip"]
[Black "Jakso, Abel"]
[Site "Hungary"]
[Round "3.12"]
[Result "1-0"]
[Date "2017.10.29"]
[WhiteElo "1626"]
[BlackElo "1589"]
[PlyCount "45"]
[EventDate "2017.09.24"]
[EventType "team-tourn"]
[EventRounds "11"]
[EventCountry "HUN"]
[SourceTitle "EXT 2021"]
[Source "ChessBase"]
[SourceDate "2020.10.23"]
[SourceVersion "1"]
[SourceVersionDate "2020.10.23"]
[SourceQuality "1"]
[WhiteTeam "Gyula"]
[BlackTeam "Mako Duocor II"]
[WhiteTeamCountry "HUN"]
[BlackTeamCountry "HUN"]

1. e4 g6 2. d4 Bg7 3. Bc4 c5 4. c3 cxd4 5. cxd4 d6 6. Nf3 Nf6 7. Nc3 0-0 8. h3 a6 9. a4 Nc6 10. 0-0 Rb8 11. Be3 Bd7 12. Qe2 Rc8 13. Rfd1 Qc7 14. Rac1 Nb4 15. Na2 Nxa2 16. Bxf7+ Kxf7 17. Rxc7 Rxc7 18. e5 dxe5 19. dxe5 Bxa4 20. Ng5+ Kg8 21. exf6 Bxd1 22. Qxd1 Bh6 23. Qb3+ 1-0

[Event "HUN-chT Csongrad Region"]
[White "Gyovai, Janos"]
[Black "Jakso, Abel"]
[Site "Hungary"]
[Round "9.5"]
[Result "1-0"]
[Date "2016.04.24"]
[WhiteElo "1273"]
[BlackElo "1265"]
[PlyCount "159"]
[EventDate "2015.09.20"]
[EventType "team-tourn"]
[EventRounds "9"]
[EventCountry "HUN"]
[SourceTitle "EXT 2017"]
[Source "ChessBase"]
[SourceDate "2016.10.25"]
[SourceVersion "1"]
[SourceVersionDate "2016.10.25"]
[SourceQuality "1"]

1. e4 g6 2. Nf3 Bg7 3. d3 c5 4. Be3 Bxb2 5. Bxc5 Bxa1 6. c3 Qa5 7. Bd4 Nf6 8. Qb3 0-0 9. Be2 Nc6 10. Be3 Ng4 11. Bd2 Qb6 12. 0-0 Qxb3 13. axb3 Nge5 14. Nxe5 Nxe5 15. d4 Nc6 16. Na3 Bxc3 17. Bxc3 a6 18. d5 Nd8 19. Nc4 b5 20. Ne3 Bb7 21. Bg4 e6 22. Bf6 Rc8 23. Be7 Re8 24. Bb4 exd5 25. Bxd7 Rxe4 26. Bxc8 Bxc8 27. Nxd5 Be6 28. Nf6+ Kg7 29. Nxe4 Bxb3 30. Nc5 Bc4 31. Rd1 Nc6 32. Bc3+ Kh6 33. Nxa6 f5 34. Nb4 Na5 35. Nd5 Nb3 36. Bd2+ g5 37. Bc3 Be2 38. Re1 Bc4 39. Re5 f4 40. Nc7 Nc1 41. Kh1 Nd3 42. Re2 g4 43. h3 f3 44. gxf3 gxf3 45. Rc2 b4 46. Bxb4 Nxb4 47. Rxc4 Nd3 48. Kg1 Kg5 49. Ne6+ Kf5 50. Nd4+ Ke4 51. Ne2+ Kf5 52. Ng3+ Kg5 53. Re4 h5 54. Re3 Nf4 55. Rxf3 Nxh3+ 56. Kg2 Nf4+ 57. Rxf4 Kxf4 58. Nxh5+ Kg5 59. Ng3 Kg4 60. f3+ Kf4 61. Kf2 Kg5 62. Ke3 Kf6 63. Kf4 Kg6 64. Ke5 Kf7 65. f4 Ke7 66. f5 Kf7 67. f6 Ke8 68. Ke6 Kf8 69. f7 Kg7 70. Ke7 Kh6 71. f8Q+ Kg5 72. Qf5+ Kh4 73. Qg6 Kh3 74. Kf6 Kh4 75. Kf5 Kh3 76. Kf4 Kg2 77. Qc2+ Kg1 78. Ne4 Kh1 79. Kf3 Kg1 80. Qg2# 1-0

[Event "HUN-chT2 Toth 1516"]
[White "Jakso, Abel"]
[Black "Gurzo, Bence Bendeguz"]
[Site "Hungary"]
[Round "9.12"]
[Result "1-0"]
[Date "2016.03.20"]
[WhiteElo "1238"]
[BlackElo "1455"]
[PlyCount "51"]
[EventDate "2015.09.13"]
[EventType "team-tourn"]
[EventRounds "11"]
[EventCountry "HUN"]
[SourceTitle "EXT 2017"]
[Source "ChessBase"]
[SourceDate "2016.10.25"]
[SourceVersion "1"]
[SourceVersionDate "2016.10.25"]
[SourceQuality "1"]
[WhiteTeam "Mako SVSE II"]
[BlackTeam "Gyula"]
[WhiteTeamCountry "HUN"]
[BlackTeamCountry "HUN"]

1. d4 Nf6 2. Nf3 g6 3. Bf4 Bg7 4. e3 0-0 5. Nbd2 d6 6. Be2 Nbd7 7. h3 Re8 8. 0-0 e5 9. dxe5 dxe5 10. Bh2 Nd5 11. Nc4 c6 12. c3 b5 13. Nd6 Re6 14. Nxb5 e4 15. Ne1 Nxe3 16. fxe3 cxb5 17. Bxb5 Qe7 18. Bc4 Rf6 19. Rxf6 Nxf6 20. Nc2 Bb7 21. Qe2 Bd5 22. Nd4 Rc8 23. Bxd5 Nxd5 24. Rd1 Qb7 25. Nb5 Rd8 26. c4 1-0

[Event "HUN-chT Csongrad Region"]
[White "Makay, Andor"]
[Black "Jakso, Abel"]
[Site "Hungary"]
[Round "7.5"]
[Result "1-0"]
[Date "2016.03.06"]
[WhiteElo "1710"]
[BlackElo "1265"]
[PlyCount "63"]
[EventDate "2015.09.20"]
[EventType "team-tourn"]
[EventRounds "9"]
[EventCountry "HUN"]
[SourceTitle "EXT 2017"]
[Source "ChessBase"]
[SourceDate "2016.10.25"]
[SourceVersion "1"]
[SourceVersionDate "2016.10.25"]
[SourceQuality "1"]

1. d4 g6 2. e4 Bg7 3. Nc3 d6 4. h3 Nf6 5. Bg5 Nbd7 6. Nf3 0-0 7. Qd2 c5 8. Bh6 cxd4 9. Nxd4 Nc5 10. Bxg7 Kxg7 11. Qe3 Qa5 12. Bd3 Qd8 13. Be2 Bd7 14. 0-0 a6 15. b3 b5 16. f4 b4 17. Nd5 Ncxe4 18. Nxf6 Nxf6 19. Bf3 Rc8 20. Qd2 a5 21. Rac1 Qb6 22. Kh1 Qc5 23. g4 Nd5 24. f5 Nc3 25. Rce1 Rce8 26. Bg2 Nxa2 27. Qf4 Nc3 28. f6+ exf6 29. Qxf6+ Kg8 30. Rxe8 Bxe8 31. Ne6 Nd5 32. Qg7# 1-0

[Event "HUN-chT2 Toth 1516"]
[White "Jakso, Abel"]
[Black "Sallai, Martin"]
[Site "Hungary"]
[Round "5.12"]
[Result "1-0"]
[Date "2015.11.29"]
[WhiteElo "1238"]
[BlackElo "1453"]
[PlyCount "125"]
[EventDate "2015.09.13"]
[EventType "team-tourn"]
[EventRounds "11"]
[EventCountry "HUN"]
[SourceTitle "CBM 170 Extra"]
[Source "ChessBase"]
[SourceDate "2016.02.25"]
[SourceVersion "1"]
[SourceVersionDate "2016.02.25"]
[SourceQuality "1"]
[WhiteTeam "Mako SVSE II"]
[BlackTeam "Takisz"]
[WhiteTeamCountry "HUN"]
[BlackTeamCountry "HUN"]

1. d4 Nf6 2. Nf3 e6 3. Bf4 c5 4. c3 d5 5. e3 Qb6 6. Qb3 c4 7. Qxb6 axb6 8. Nbd2 Bd7 9. Be2 Be7 10. 0-0 0-0 11. h3 b5 12. b3 Nc6 13. bxc4 bxc4 14. Ne5 Nxe5 15. Bxe5 Ne8 16. e4 Nd6 17. exd5 exd5 18. Bf3 Bc6 19. Rfe1 f6 20. Bh2 Rfe8 21. Rac1 Bf8 22. Rxe8 Nxe8 23. Rc2 b5 24. Nf1 Rd8 25. Ne3 b4 26. cxb4 Bxb4 27. Rb2 Bc3 28. Rb6 Ba8 29. Nc2 f5 30. Be5 Ba5 31. Ra6 Bc7 32. Bxc7 Nxc7 33. Rb6 Re8 34. Rd6 Nb5 35. Rd7 Nc3 36. a3 Bc6 37. Ra7 Rb8 38. Nb4 Rb6 39. Rc7 Bb7 40. Re7 Rb5 41. Bh5 g6 42. Bf3 Nb1 43. Rxb7 Rxb7 44. Bxd5+ Rf7 45. Bxc4 Nxa3 46. Bxf7+ Kxf7 47. Kf1 Nb5 48. Nc2 Nc3 49. Ke1 Ke6 50. Kd2 Ne4+ 51. Ke3 Nf6 52. Kf4 h6 53. h4 Nd5+ 54. Kf3 g5 55. hxg5 hxg5 56. g4 fxg4+ 57. Kxg4 Kf6 58. Ne3 Nf4 59. d5 Ke5 60. Kxg5 Nxd5 61. Nxd5 Kxd5 62. f4 Ke6 63. Kg6 1-0

[Event "HUN-chT Csongrad Region"]
[White "Jakso, Abel"]
[Black "Magony, Milan"]
[Site "Hungary"]
[Round "3.3"]
[Result "1/2-1/2"]
[Date "2015.10.11"]
[WhiteElo "1265"]
[BlackElo "1270"]
[PlyCount "65"]
[EventDate "2015.09.20"]
[EventType "team-tourn"]
[EventRounds "9"]
[EventCountry "HUN"]
[SourceTitle "EXT 2017"]
[Source "ChessBase"]
[SourceDate "2016.10.25"]
[SourceVersion "1"]
[SourceVersionDate "2016.10.25"]
[SourceQuality "1"]

1. d4 e6 2. Nf3 d5 3. Bf4 c5 4. c3 Nc6 5. e3 Bd6 6. Bxd6 Qxd6 7. Nbd2 Nge7 8. Be2 f6 9. 0-0 Ng6 10. Nb3 c4 11. Nbd2 e5 12. b3 b5 13. dxe5 Ncxe5 14. bxc4 dxc4 15. Rb1 a6 16. a4 Rb8 17. axb5 axb5 18. Nxc4 Nxf3+ 19. Bxf3 Qxd1 20. Rfxd1 0-0 21. Nd6 Ne5 22. Rxb5 Nxf3+ 23. gxf3 Rxb5 24. Nxb5 Ba6 25. Na3 Be2 26. Rc1 Bxf3 27. c4 Rc8 28. c5 Kf7 29. Kf1 Ke6 30. Nb1 Kd5 31. Nd2 Be4 32. Nb3 Bd3+ 33. Ke1 1/2-1/2

[Event "HUN-chT2 Toth 1415"]
[White "Jakso, Abel"]
[Black "Nagy, Szilard"]
[Site "Hungary"]
[Round "6.12"]
[Result "0-1"]
[Date "2014.12.14"]
[WhiteElo "1461"]
[BlackElo "1682"]
[PlyCount "120"]
[EventDate "2014.09.07"]
[EventType "team-tourn"]
[EventRounds "11"]
[EventCountry "HUN"]
[SourceTitle "EXT 2016"]
[Source "ChessBase"]
[SourceDate "2015.10.08"]
[SourceVersion "1"]
[SourceVersionDate "2015.10.08"]
[SourceQuality "1"]
[WhiteTeam "Mako II"]
[BlackTeam "Karcag"]
[WhiteTeamCountry "HUN"]
[BlackTeamCountry "HUN"]

1. d4 Nf6 2. Nf3 g6 3. Bf4 Bg7 4. e3 0-0 5. Nbd2 d6 6. c4 Na6 7. Be2 c5 8. d5 Nh5 9. Bg3 Bxb2 10. Rb1 Bg7 11. e4 Qa5 12. Qc2 Nb4 13. Qd1 Qxa2 14. 0-0 Nxg3 15. hxg3 Qc2 16. Qxc2 Nxc2 17. Nb3 a5 18. Nc1 Nb4 19. Nd3 Bg4 20. Rb3 a4 21. Ra3 Nxd3 22. Bxd3 Bxf3 23. gxf3 Bb2 24. Ra2 a3 25. Rb1 Ra6 26. Raxb2 axb2 27. Rxb2 b6 28. f4 Rfa8 29. e5 Ra1+ 30. Kg2 R8a6 31. Re2 Kf8 32. g4 R6a3 33. Be4 Rc3 34. Rc2 Rc1 35. Rxc1 Rxc1 36. Bd3 Rc3 37. Be2 h6 38. exd6 exd6 39. f5 gxf5 40. gxf5 Ke7 41. f3 Kf6 42. Kg3 Kxf5 43. Kh4 Kf4 44. Kh5 Re3 45. Bd1 Re1 46. Ba4 Kxf3 47. Kxh6 f5 48. Kg6 f4 49. Kf6 Kg3 50. Bd7 f3 51. Be6 f2 52. Ke7 f1Q 53. Kxd6 Qf4+ 54. Kc6 Qxc4 55. Kxb6 Rxe6+ 56. dxe6 Qxe6+ 57. Kxc5 Qd7 58. Kc4 Kf3 59. Kc5 Ke4 60. Kb4 Qc6 0-1